| 000 | 00625nam a2200205Ia 4500 | ||
|---|---|---|---|
| 003 | GCL | ||
| 008 | 140319s9999 xx 000 0 ara d | ||
| 040 |
_aGCL / _cGCL |
||
| 082 | 0 | 4 |
_a925 _bب ع |
| 100 | 1 | _aسمير ابوحمدان | |
| 245 | 1 | 0 |
_aعلماء خالدون / _cسمير ابوحمدان |
| 700 | 1 | _aبرونباوم، جيمس | |
| 700 | 1 | _aفلاناجان، دينيس | |
| 300 | _a316 ص | ||
| 490 |
_aالهيئة العامة للاستعلامات _v0 |
||
| 650 | 0 | 4 | _aالعلماء - تراجم |
| 650 | 0 | 4 | _aدارون, تشارلز |
| 650 | 0 | 4 | _aعلماء الفيزياء |
| 942 |
_2ddc _cBK |
||
| 999 |
_c48480 _d48480 |
||